000 nam a22 7a 4500
999 _c7784
_d7784
008 171011b xxu||||| |||| 00| 0 eng d
100 _94262
_aRohan Book Company
245 _aGolden Collection of Children Stories
260 _aNew Delhi